Countries Hosting the most Refugees - Statistics

General Stats
  • This quiz has been taken 78 times
  • The average score is 5 of 10
Answer Stats
Regufees Country % Correct
1,840,000 Turkey
92%
664,100 Jordan
78%
1,200,000 Lebanon
73%
982,000 Iran
67%
1,500,000 Pakistan
55%
552,300 Kenya
42%
356,200 Sudan
42%
702,500 Ethiopia
38%
428,400 Uganda
23%
420,800 Chad
9%
No matching quizzes found
Score Distribution
Percent of People with Each Score
Percentile by Number Answered
Your Score History
You have not taken this quiz